000 00306nam a22001457a 4500
020 _a81-8204-014-0
082 _a641.2
_bSIN
100 _aSINGH R.K
245 _aBAR & BEVERAGE
260 _aDELHI
_bAMAN
_c2010
300 _a269
490 _aBEVERAGE MANAGEMENT
653 _aBEVERAGE
942 _2ddc
_cBK
999 _c8078
_d8078